00493nam a2200181 a 4500001001300000003000900013005001700022008004100039020000800080082001300088100001400101245006800115260002900183300000900212500003500221505004100256700001400297nice12345678IN_TiNIC20260116011939.0050524s1942 lona grp 000 0 eng  ac000a201bKEP aKeppel, L aChrist`s Appeal for Loveb to His Humble Servant Josefa Menedez aLondonbSt.Glasgowc1942 a176p aincludes index and biblioraphy2 awith a forward by fr.bernard vaughan1 aKeppel, L